Métodos instrumentales de análisis

Bibliographic Details
Main Author: Willard, Hobart H
Format: Section = Libro
Language:Undetermined
Spanish
Published: México Iberoamérica 1991
Subjects:
LEADER 00491nam a2200193Ia 4500
008 240829s9999 xx 000 0 und d
020 |a 968-7270-83-7 
040 |a BIBLIOTECA-RUSB/ 543.08 M593 
041 |a spa 
082 |a 543.08 M593 
100 1 |a Willard, Hobart H 
245 1 0 |a Métodos instrumentales de análisis 
260 |a México  |b Iberoamérica  |c 1991 
300 |a 879 p. :il. 
650 7 |a ENSAYOS 
650 7 |b  QUIMICA ANALISIS 
942 |c BK  |2 ddc 
991 |a TEXTO 
999 |c 2440